000 00738nam a2200193Ia 4500
003 GCL
008 140319s9999 xx 000 0 ara d
040 _aGCL /
_cGCL
082 0 4 _a920.71
_bق و
100 1 _aعادل نويهض
245 1 0 _aكتاب الوفيات :
_bمعجم زمنى للصحابة واعلام المحدثين والفقهاء والمؤلفين /
_cعادل نويهض
700 1 _aابن قنفذ : ابوالعباس احمد بن حسين بن على بن الخطيب القسنطينى
260 _aبيروت :
_bدار الافاق الجديدة ،
_c1983
300 _a396 ص ؛
_c25 سم
490 _a
650 0 4 _aالوفيات
650 0 4 _aالاسلام - تراجم
942 _2ddc
_cBK
999 _c53558
_d53558